| 000 | 00465nam a2200193Ia 4500 | ||
|---|---|---|---|
| 008 | 220204s9999 xx 000 0 und d | ||
| 082 |
_a66:678.04 _bENC.2 |
||
| 245 | 0 | _aEncyclopaedia of industrial chemical additives. V 2 | |
| 260 |
_aNew York _c1984 |
||
| 650 | _aDyes | ||
| 650 | _aEnzymes | ||
| 650 | _aFillers | ||
| 650 | _aFlame retardants | ||
| 650 | _aGelling agents | ||
| 650 | _aGums | ||
| 650 | _aLubricants | ||
| 650 | _aPigments | ||
| 942 | _cBK | ||
| 999 |
_c40191 _d40191 |
||